| 000 | 00858nam a2200229 u 4500 | ||
|---|---|---|---|
| 001 | 000025259 | ||
| 005 | 20200930023650.0 | ||
| 008 | 110209s1994 xxu r 000 | spa d | ||
| 040 |
_aDO-SdBNP _bspa _cBNPHU |
||
| 041 | 1 | 7 |
_aspa _heng _2Código de idiomas MARC |
| 082 |
_axxx _bB347s |
||
| 100 | 1 |
_aBaum, Lawrence _951761 |
|
| 240 | 0 |
_aThe supreme court. _lEspañol |
|
| 245 | 1 | 3 |
_aLa suprema corte : _bfunción y comportamiento en la sociedad norteamericana / _cLawrence Baum ; traducción Cristina Piña. |
| 260 |
_aBuenos Aires : _bGrupo Editor Latinoamericano, _c1994. |
||
| 300 |
_ax, 282 p. : _bil. ; _c23 cm. |
||
| 490 | 1 |
_aEstudios Políticos y Sociales _v212.438 |
|
| 534 |
_aTítulo original e inglés : _tThe supreme court |
||
| 700 | 1 |
_aPiña, Cristina, _etr. _947086 |
|
| 830 | 0 |
_aEstudios Políticos y Sociales , _v212.438 _928833 |
|
| 049 | _aBNGR | ||
| 999 |
_c24752 _d24752 |
||